000 00463nam a2200169Ia 4500
003 GCL
008 140319s9999 xx 000 0 eng d
040 _aGCL /
_cGCL
082 0 4 _a669
_bH L
100 1 _aHALL, EUGENE J.
245 1 0 _aTHE LANGUAGE OF MINIG AND METALLURGY IN ENGLISH /
_cHALL, EUGENE J.
260 _a[S.N] :
_bREGENTS PUBLISHING COMPANY, INC ،
_c1978
300 _a119 P
650 0 4 _aENGLISH LANGUAGE
650 0 4 _aMINING
942 _2ddc
_cBK
999 _c16868
_d16868